Cinéma français depuis 1930 - Statistiques

Statistiques générales
  • Ce quiz a été pris 47 fois
  • Le résultat moyen est 32 sur 96
Statistiques - réponses
Date Question Réponse % Correct
1930 Quel célèbre peintre surréaliste espagnol a co-écrit le scénario de "L'Âge d'or" avec Luis Buñuel ? Salvador Dalí
73%
2011 Quel film réalisé par le duo Éric Toledano et Olivier Nakache, met en scène l'amitié entre un riche aristocrate tétraplégique, joué par François Cluzet, et son auxiliaire de vie Driss, interprété par Omar Sy ? Intouchables
70%
1931 Quel est le prénom donné au premier volet de la « Trilogie marseillaise » de Marcel Pagnol, suivi par Fanny (1932) et César (1936) ? Marius
70%
1993 Quel acteur joue le double rôle de Jacquouille et de Jacquart dans "Les Visiteurs" ? Christian Clavier
68%
1963 Quelle actrice incarne Camille Javal dans "Le Mépris" où elle demande à son partenaire Michel Piccoli s'il trouve ses « fesses » et ses « seins » jolis, sur une célèbre musique de Georges Delerue ? Brigitte Bardot
65%
1967 Dans quelle ville française, Jacques Demy a-t-il choisi de situer et de filmer son célèbre film musical mettant en scène les sœurs Garnier interprétées par Catherine Deneuve et Françoise Dorléac ? Rochefort
62%
1933 Dans la version des "Trois Mousquetaires" réalisée par Henri Diamant-Berger, quel personnage légendaire est interprété par l'acteur Aimé Simon-Girard ? D'Artagnan
59%
1937 Quel cinéaste français, auteur d'un cinéma humaniste et fils d'un célèbre peintre impressionniste, a réalisé le chef-d'œuvre de "La Grande Illusion" ? Jean Renoir
59%
1956 Dans quel port de la Côte d'Azur se déroule l'intrigue de "Et Dieu… créa la femme", où l'on suit les amours tumultueuses de la jeune Juliette (Brigitte Bardot) ? Saint-Tropez
59%
1949 Quel est le moyen de transport indispensable utilisé par François le facteur pour effectuer sa tournée dans "Jour de fête" de Jacques Tati ? Vélo
59%
2012 Dans "Le Prénom", quel prénom Vincent (Patrick Bruel) annonce-t-il vouloir donner à son fils pour faire une blague ? Adolphe
57%
1965 Dans la scène culte du film "Le Corniaud", quel modèle de voiture conduite par Bourvil se désintègre totalement après un choc avec la Rolls-Royce de Louis de Funès ? Citroën 2 CV
57%
1988 Dans "Le Grand Bleu" de Luc Besson, quel animal Jacques (Jean-Marc Barr) rejoint-il à la fin du film dans les abysses ? Dauphin
57%
2002 Quel acteur joue le rôle du scribe Otis, celui qui fait le monologue interminable sur sa situation dans "Astérix et Obélix : Mission Cléopâtre" ? Édouard Baer
57%
1940 Quel célèbre auteur et cinéaste provençal, a écrit et réalisé "La Fille du puisatier", un film où il fait jouer ses acteurs fétiches Raimu et Fernandel en pleine débâcle historique ? Marcel Pagnol
57%
1984 Dans "Les Ripoux", quel acteur du Splendid jouant la rôle de François Lesbuche donne la réplique à Philippe Noiret ? Thierry Lhermitte
57%
1998 Dans "Le Dîner de cons", comment s'appelle l'ami de Pierre, ancien compagnon de sa femme Christine dont le prénom fait l'objet d'un quiproquo téléphonique ? Juste Leblanc
54%
2013 Quel film, racontant la passion amoureuse entre deux étudiantes, a reçu une Palme d'or partagée entre son réalisateur (Abdellatif Kechiche) et ses deux actrices principales (Adèle Exarchopoulos et Léa Seydoux) ? La Vie d'Adèle
54%
1964 Quel film, intégralement chanté sur une musique de Michel Legrand, a lancé la carrière internationale de Catherine Deneuve dans le rôle d'une jeune vendeuse séparée de son fiancé par la guerre d'Algérie ? Les Parapluies de Cherbourg
54%
1972 De quel instrument joue François Perrin (Pierre Richard) dans "Le Grand Blond avec une chaussure noire" Violon
54%
1986 Quelle actrice encore inconnue à l’époque a été révélée par le rôle de Betty dans "37°2 le matin", une jeune femme passionnée et instable qui vit une relation intense avec Zorg, avant de sombrer progressivement dans la folie ? Béatrice Dalle
51%
1966 Dans "La Grande Vadrouille", quel bâtiment emblématique de Paris sert de décor à l'atterrissage mouvementé de l'aviateur Alan MacIntosh, qui se réfugie ensuite dans la loge du chef d'orchestre Stanislas Lefort ? L'Opéra Garnier
51%
1982 Dans "Le père Noël est une ordure", quel animal figure sur le tableau "artistique" que Pierre offre à Thérèse ? Porc
51%
1957 Quel célèbre chanteur français, surnommé « Monsieur 100 000 Volts » pour son swing, tient le rôle principal de Jacques Merval dans le film Casino de Paris ? Gilbert Bécaud
49%
1938 Quel film de Marcel Carné, célèbre pour la réplique « T'as d'beaux yeux, tu sais », met en scène un déserteur cherchant à s'embarquer au Havre avant de tomber amoureux d'une jeune femme au regard magnétique ? Le Quai des brumes
49%
1932 Dans "Boudu sauvé des eaux" de Jean Renoir, quel acteur légendaire incarne le personnage de Boudu, le clochard ingérable et anarchiste ? Michel Simon
49%
2001 Dans le film de Jean-Pierre Jeunet, "Le Fabuleux Destin d'Amélie Poulain" quel objet Amélie vole-t-elle à son père pour le confier à une amie hôtesse de l'air, afin de lui faire croire qu'il voyage tout autour du monde ? Nain de jardin
49%
1951 Dans "Journal d'un curé de campagne", quelle maladie grave le jeune curé d'Ambricourt apprend-il qu'il souffre à l'estomac lors de sa visite chez un médecin à Lille ? Cancer
46%
1943 Quel célèbre romancier naturaliste est l'auteur de l'œuvre originale dont est tiré le film "Au Bonheur des Dames", réalisé par André Cayatte en 1943 et mettant en scène le conflit entre un petit drapier et un grand magasin moderne ? Émile Zola
46%
1946 Dans le film "La Belle et la Bête", quel acteur réalise une véritable performance physique en interprétant trois rôles différents : celui du prétendant Avenant, celui de la Bête et celui du Prince ? Jean Marais
46%
1962 Dans quel film d'Yves Robert, adapté du roman de Louis Pergaud, les enfants de Longeverne et de Velrans s'affrontent-ils en dérobant les accessoires vestimentaires de leurs prisonniers ? La Guerre des boutons
46%
2019 Quel film de Ladj Ly, récompensé par le César du meilleur film, porte le même titre qu'un chef-d'œuvre de Victor Hugo et suit une patrouille de la BAC dont la bavure est filmée par un drone à Montfermeil ? Les Misérables
46%
2015 Dans quel pays les pires enseignants de France sont-ils envoyés par les services secrets pour donner des cours à la petite-fille de la Reine dans le film "Les Profs 2" ? Royaume-Uni
46%
2004 Dans le film Les Choristes, qui suit l'arrivée de Clément Mathieu dans un internat de rééducation sévère où il transforme la vie des élèves grâce à la musique, quel est le titre de la chanson phare nommée aux Oscars, interprétée par le jeune Jean-Baptiste Maunier ? Vois sur ton chemin
46%
1953 Quel célèbre chanteur et acteur français, dont c'était ici le premier grand rôle dramatique, incarne le personnage de Mario dans "Le Salaire de la peur" ? Yves Montand
46%
1952 Quelle toute jeune actrice, alors âgée de seulement 5 ans, est devenue mondialement célèbre pour son rôle de la petite Paulette orpheline dans "Jeux interdits" ? Brigitte Fossey
43%
2018 Qui est le réalisateur du film "Le Grand Bain" où on suit une équipe de natation synchronisée masculine réunissant notamment Guillaume Canet, Benoît Poelvoorde et Philippe Katerine ? Gilles Lellouche
43%
1976 Comment s'appelle le premier film de Francis Veber où François Perrin (Pierre Richard), journaliste précaire, se retrouve au service du fils d’un milliardaire autoritaire ? Le Jouet
43%
1960 Quel film de Jean-Luc Godard, sorti en 1960 et devenu l'emblème de la Nouvelle Vague, met en scène la cavale de Michel Poiccard (Jean-Paul Belmondo) et se termine par la réplique culte : « Qu'est-ce que c'est, dégueulasse ? » ? À bout de souffle
41%
1977 Qui a écrit les dialogues percutants de "Mort d'un pourri" où Xavier Maréchal (Alain Delon) se retrouve au cœur d’un scandale politique après le meurtre d’un député corrompu ? Michel Audiard
38%
1971 Quel chanteur pop français a composé la musique du film "La Folie des grandeurs" avec Louis de Funès et Yves Montand ? Michel Polnareff
38%
1941 Dans un film réalisé par Christian-Jaque avec Harry Baur, durant quelle fête traditionnelle se déroule le mystérieux assassinat qui bouleverse un village savoyard ? Noël
35%
2007 Dans "La Môme" d'Olivier Dahan et jouée par Marion Cotillard, quelle chanson présenté par Charles Dumont clôture le film lors de la scène de l'Olympia ? Non, je ne regrette rien
35%
2009 Quel acteur a été révélé dans "Un prophète" de Jacques Audiard, dans le rôle de Malik El Djebena ? Tahar Rahim
35%
1968 Comment s'appelle le film où Philippe Noiret finit par planter sa propre mariée devant l'église pour aller faire la sieste avec son chien ? Alexandre le Bienheureux
32%
1959 Quel personnage emblématique du cinéma français, interprété Jean-Pierre Léaud, fait sa première apparition à l'âge de 12 ans dans le film "Les Quatre Cents Coups" de François Truffaut, avant de devenir le héros d'une saga de cinq films retraçant toute sa vie amoureuse et sociale ? Antoine Doinel
32%
1985 Qui est la réalisatrice et scénariste de "Trois Hommes et un couffin", qui suit trois célibataires parisiens contraints de s’occuper d’un bébé arrivé par erreur ? Coline Serreau
32%
2024 Dans "Un p'tit truc en plus" d'Artus, de quel joueur de football célèbre le personnage de Baptiste (Théophile Leroy) est-il fan ? Cristiano Ronaldo
32%
1994 Dans "Léon" avec Jean Reno, quel compositeur fétiche de Besson a signé la musique du film ? Éric Serra
32%
2021 Dans le film Bac Nord de Cédric Jimenez, qui s'inspire de l'affaire de corruption au sein de la police marseillaise en 2012, quel acteur joue le rôle d'Antoine, le policier prêt à tout pour obtenir des informations et qui entretient une relation très risquée avec son indic ? François Civil
32%
2000 Dans le thriller de Dominik Moll, quel est le nom de cet ancien camarade de lycée qui s'immisce dans la vie de Michel (Laurent Lucas) et de Claire (Mathilde Seigner) en prétendant être 'un ami qui vous veut du bien' ? Harry
32%
1950 Dans le film "Orphée" de Jean Cocteau, par quel objet les personnages doivent-ils passer pour quitter le monde des vivants et entrer dans l'au-delà ? Miroir
32%
2008 À quelle ville du Nord, Philippe (Kad Merad) est-il muté par mesure disciplinaire dans "Bienvenue chez les Ch'tis" ? Bergues
30%
1942 Quel célèbre poète et scénariste a imaginé, pour le réalisateur Marcel Carné, "Les Visiteurs du soir", fable médiévale où le Diable ne parvient pas à faire taire le cœur battant de deux amants changés en statues ? Jacques Prévert
30%
1955 Quel film réalisé par Henri-Georges Clouzot, réunissant Simone Signoret, Véra Clouzo et Paul Meurisse, se termine par un avertissement au générique demandant expressément aux spectateurs de ne pas raconter la fin à leurs proches ? Les Diaboliques
27%
1958 Dans quel film, récompensé par l'Oscar du meilleur film étranger, Jacques Tati confronte-t-il son célèbre personnage de Monsieur Hulot à la Villa Arpel, une maison ultra-moderne remplie de gadgets technologiques absurdes, dont une célèbre fontaine en forme de poisson ? Mon oncle
27%
2006 Dans "Arthur et les Minimoys", quelle chanteuse française prête sa voix à la princesse Sélénia dont Arthur tombe amoureux ? Mylène Farmer
27%
1999 Quelle actrice a remporté le César du meilleur espoir féminin pour son rôle de Marie dans "Vénus Beauté (Institut)" ? Audrey Tautou
24%
1981 Qui est le réalisateur du film Coup de torchon, satire sombre adaptée d’un roman de Jim Thompson et portée par Philippe Noiret ? Bertrand Tavernier
24%
1991 Dans quel film, un boucher nommé Clapet (Jean-Claude Dreyfus) recrute des hommes à tout faire pour les transformer en viande, avant d'être confronté à Louison (Dominique Pinon), un ex-clown amoureux de sa fille et aidé par des rebelles végétariens ? Delicatessen
24%
1974 Dans "Les Valseuses", quelle actrice célèbre joue Jeanne Pirolle, la femme qui sort de prison et qui devient la maîtresse de Jean-Claude (Gérard Depardieu) et de Pierrot (Patrick Dewaere) ? Jeanne Moreau
24%
1934 Quel est le titre du seul et unique long-métrage de Jean Vigo, sorti en 1934 juste après sa mort, qui raconte la vie de Juliette et Jean à bord d'une péniche ? L'Atalante
24%
2025 Quel film d'animation français d'Ugo Bienvenu, produit par Natalie Portman raconte le voyage temporel d'un enfant de l'an 2932 qui débarque en 2075 avec sa cape arc-en-ciel ? Arco
22%
1983 De quel pays vient le fils d'Adolfo Ramirez (Gérard Jugnot) lors du débat télévisé dans "Papy fait de la résistance" de Jean-Marie Poiré ? Bolivie
22%
1990 Quelle actrice incarne Sandrine dans "Tatie Danielle", la jeune garde qui devient l'amie de Danielle ? Isabelle Nanty
22%
1997 Quelle actrice française incarne physiquement le personnage de la Diva Plavalaguna dans "Le Cinquième Élément", tout en assurant sa propre voix pour les dialogues (mais pas pour le chant) ? Maïwenn
22%
1996 Dans le film "Un air de famille", où les tensions éclatent au sein de la famille Ménard réunie à un café pour un anniversaire, quel réalisateur met en scène le célèbre duo Jean-Pierre Bacri et Agnès Jaoui ? Cédric Klapisch
19%
1969 Quel réalisateur a dû créer la compagnie aérienne fictive "UOA" pour les besoins du tournage après le refus des compagnies réelles dans "Le Clan des Siciliens" ? Henri Verneuil
19%
2017 Dans "Le Sens de la fête", qui joue le rôle de Guy, photographe du mariage qui passe plus de temps au buffet qu'à prendre des photos ? Jean-Paul Rouve
19%
1992 Dans "558, rue Paradis" réalisé par Henri Verneuil réunissant Richard Berry, Claudia Cardinale et Omar Sharif, dans quelle ville française se situe la chemiserie familiale des Zakarian ? Marseille
19%
1948 Dans "Aux yeux du souvenir", quelle actrice incarne le personnage de l'hôtesse de l'air Claire Magny, qui retrouve son ancien amant pilote lors d'un vol vers Dakar interprété par Jean Marais ? Michèle Morgan
19%
1980 Comment s’appelle la meilleure amie de Vic (Sophie Marceau), dans le film "La Boum" ? Pénélope
19%
1935 Dans quel pays (actuel) se déroule l'action du film "La Kermesse héroïque", qui raconte l'arrivée pacifique mais redoutée des troupes espagnoles dans la petite ville de Boom ? Belgique
16%
1989 Dans quelle région française se situe l'action de "Je suis le seigneur du château" réalisé par Régis Wargnier avec des rôles principaux tenus par Jean Rochefort et Dominique Blanc ? Bretagne
16%
1979 Quelle actrice joue la jeune fille mystérieuse à la fin de "Buffet froid" sur une barque avec Alphonse Tram (Gérard Depardieu) ? Carole Bouquet
16%
1975 Dans "Peur sur la ville", quel objet Minos perd-il sur les toits après une course poursuite avec le commissaire Jean Letellier (Jean-Paul Belmondo) ? Œil de verre
16%
2020 Dans "Adieu les cons" d'Albert Dupontel, quel métier Suze Trappet (Virginie Efira) exerce-t-elle ? Coiffeuse
14%
1945 Dans "Les Enfants du paradis" de Marcel Carné, quel acteur incarne le personnage de Baptiste Deburau, le mime mélancolique dont le talent pour la pantomime sauve Garance d'une fausse accusation de vol sur le Boulevard du Crime ? Jean-Louis Barrault
14%
1961 Quel film d'Alain Resnais, écrit par Alain Robbe-Grillet, explore les labyrinthes de la mémoire dans un hôtel baroque où un inconnu tente de convaincre une femme (Delphine Seyrig) qu'ils se sont déjà aimés l'été précédent ? L'Année dernière à Marienbad
14%
1970 Dans "Les Choses de la vie", dans quelle ville française, Pierre (Michel Piccoli) demande-t-il à Hélène (Romy Schneider) de le rejoindre par message téléphonique le soir même de son accident ? Rennes
14%
1936 Quel film avec Jean Gabin est célèbre pour posséder deux fins différentes, l'une pessimiste et l'autre optimiste, à cause de la pression des producteurs ? La Belle Équipe
11%
1973 Dans "La Grande Bouffe", où un groupe d'amis décident de manger jusqu'à la mort, comment s'appelle le premier des quatre amis à mourir ? Marcello
11%
1995 Dans "La Haine", quel est le nom du personnage pacifiste, passionné de boxe ayant tenté d'ouvrir une salle de sport pour les jeunes de son quartier ? Hubert
8%
2014 Dans "Qu'est-ce qu'on a fait au Bon Dieu ?", comment s'appelle la benjamine jouée par Élodie Fontan dont le mariage avec Charles (Noom Diawara) constitue l'intrigue du film ? Laure
8%
1954 Quel film réalisé par Jacques Becker, est considéré comme le chef-d’œuvre qui a lancé la mode du "polar à la française" et a permis à Jean Gabin de redevenir la plus grande star du cinéma national ? Touchez pas au grisbi
8%
1978 Dans "La Cage aux folles", comment s'appelle son alter ego lorsque Albin Mougeotte (Michel Serrault) monte sur scène ? Zaza Napoli
8%
1939 Quel film réunit pour l'unique fois à l'écran le trio légendaire Fernandel, Arletty et Michel Simon dans une histoire de bijouterie cambriolée par des « voyous » utilisant un argot parisien très marqué ? Fric-Frac
5%
1944 Quel film réalisé par Jean Grémillon et inspiré d'une histoire vraie, raconte l'ascension de Thérèse Gauthier (Madeleine Renaud) qui, encouragée par son mari, se prend de passion pour l'aviation au point de tenter de battre un record de distance ? Le ciel est à vous
5%
2005 Quelle actrice joue Clara, la prof acariâtre dans "Saint-Jacques… La Mecque", obligée de faire le pèlerinage de Saint-Jacques-de-Compostelle avec ses deux frères Pierre et Claude, qu'elle déteste ? Muriel Robin
5%
2023 Quel nom porte le chien guide de Daniel (Milo Machado-Graner) dans "Anatomie d'une chute" de Justine Triet ? Snoop
5%
2010 Dans "Les Petits Mouchoirs", quel personnage, marié à Isabelle (Pascale Arbillot) avoue ses sentiments amoureux à Max (François Cluzet), provoquant sa colère ? Vincent
5%
2022 Dans "La Nuit du 12" de Dominik Moll, qui est l'actrice qui joue la juge d'instruction relançant l'enquête trois ans plus tard de l'assassinat de Clara Royer ? Anouk Grinberg
3%
1987 Dans le film "Au revoir les enfants" de Louis Malle, quel acteur français incarne le Père Michel, l'un des membres de la communauté des pères carmes du collège Saint-Jean-de-la-Croix en 1944 ? François Berléand
3%
2003 Dans "Le Cœur des hommes" de Marc Esposito, avec Manu, Antoine et Alex, comment s'appelle le quatrième ami interprété par Gérard Darmon qui forment une bande de copains depuis leur rencontre à l'US Melun ? Jeff
3%
2016 Dans "Pattaya", quel animal Franky (Franck Gastambide) finit-il par adopter à la place de son ex-copine ? Orang-outan
3%
1947 Dans "Quai des Orfèvres" d'Henri-Georges Clouzot, quel est le métier de Dora Monnier, la confidente du couple Martineau qui aide Jenny à faire disparaître les preuves du crime? Photographe
3%
Aucun quiz correspondant
Distribution des résultats
% des personnes avec chaque résultat
Percentile par nombre de réponses
Votre historique - résultats
Vous n’avez pas pris ce quiz